Movies Quiz

Random Movies or Quote Quiz
Score 0/20 Timer 06:00
0 Plays Today
% Correct
Heath Ledger as 'The Joker' - The Dark Knight
95.4%
Jack Nicholson as 'Jack Torrance' - The Shining
94.7%
Robin Williams as 'Sean Maguire' - Good Will Hunting
94.6%
Jim Carrey as 'Lloyd Christmas' - Dumb & Dumber
93.5%
Harrison Ford as 'Indiana Jones' - Raiders of the Lost Ark
89.5%
Matt Damon as 'Private Ryan' - Saving Private Ryan
84.6%
Richard Gere as 'Edward Lewis' - Pretty Woman
80.7%
Robert De Niro as 'Travis Bickle' - Taxi Driver
76.9%
Humphrey Bogart as 'Rick Blaine' - Casablanca
72.4%
Tommy Lee Jones as 'Samuel Gerard' - The Fugitive
70.7%
% Correct
Dustin Hoffman as 'Ratso Rizzo' - Midnight Cowboy
65.8%
Joe Pesci as 'Tommy DeVito' - Goodfellas
61.4%
Marlon Brando as 'Colonel Walter E. Kurtz' - Apocalypse Now
46%
Peter Sellers as 'Dr. Strangelove' - Dr. Strangelove or: How I Learned ...
43.5%
Roy Scheider as 'Chief Brody' - Jaws
41.1%
Benicio Del Toro as 'Fred Fenster' - The Usual Suspects
37.9%
Michael Madsen as 'Mr. Blonde' - Reservoir Dogs
34.6%
Rutger Hauer as 'Roy Batty' -Blade Runner
24.8%
R. Lee Ermey as 'Gunnery Sergeant Hartman' - Full Metal Jacket
22.2%
Richard Castellano as 'Clemenza' - The Godfather
11%
Remove Ads.
Support Sporcle.
Get the best of Sporcle when you Go Orange. This ad-free experience offers more features, more stats, and more fun while also helping to support Sporcle. Thank you for becoming a member.

You're not logged in!

Compare scores with friends on all Sporcle quizzes.
OR
Log In

Show Comments

Extras

Top Quizzes Today


Score Distribution

Your Account Isn't Verified!

In order to create a playlist on Sporcle, you need to verify the email address you used during registration. Go to your Sporcle Settings to finish the process.

Report this User

Report this user for behavior that violates our Community Guidelines.

Details: